000 00686nam a2200265Ia 4500
005 20260302115357.0
008 008 260114s9999 xx 000 0 eng d
020 _a9781350388109
037 _aTextbook
040 _aCRL
040 _beng
040 _cCRL
041 _2eng
041 _aeng
084 _qCRL
100 _aVictor Sage
_91121449
245 4 _aThe Gothic Novel A Selection of Critical Essays
260 _bBloomsbury
260 _bBloomsbury Academic
260 _c1990
650 _aLiterary Studies
856 _uhttps://doi.org/10.5040/9781350388109?locatt=label:secondary_bloomsburyCollections
942 _cEBOOK
999 _c1685999
_d1685999